00543nam a2200181Ia 4500003000900000008004100009020001800050040001600068080001700084100001600101245009000117260004100207300001300248650004100261650002200302650001700324700002000341IN-BaIIA211028s9999 xx 000 0 eng d a0-444-86717-1 cIIA Library a535.338bMIL aMiller, T A 0aMolecular ionsbSpectroscopy structure and chemistrycT. A. Miller and V. E. Bondybey aAmsterdambStandard Book Depotc1983 axi,278p. aAstronomy and Astrophysics Thesaurus aMolecular physics aSpectroscopy aBondybey, V. E.